Logos - Statistics

General Stats
  • This quiz has been taken 27 times
  • The average score is 13 of 16
Answer Stats
Picture Answer % Correct
Sprite
100%
Burger King
96%
Coca-Cola
96%
Mcdonald's
96%
Pringles
96%
Cheetos
92%
Fanta
92%
Pepsi
92%
Wendy's
92%
Dr Pepper
88%
NBC
88%
Mountain Dew
83%
Arby's
71%
Domino's Pizza
71%
Caillou
42%
General Mills
33%
No matching quizzes found
Score Distribution
Percent of People with Each Score
Percentile by Number Answered
Your Score History
You have not taken this quiz